Alternatives social transformation and humane governance.
| Corporate Authors: | , , , |
|---|---|
| Format: | Electronic Journal |
| Language: | English |
| Published: |
Amsterdam :
North-Holland Publishing Co.
Boulder, Colo. : Lynne Rienner Publishers Thousand Oaks, CA : SAGE Publications |
| Subjects: | |
| Online Access: | Full text available from Research Library: 01/01/2008 to 10/31/2010 |
MARC
| LEADER | 00000nas a2200000 a 4500 | ||
|---|---|---|---|
| 001 | ssj0001089 | ||
| 003 | WaSeSS | ||
| 005 | 20200512172242.0 | ||
| 006 | m d | ||
| 007 | cr n | ||
| 008 | 050615c19759999cauqr p s 0 a0eng | ||
| 010 | |a 2007263182 | ||
| 015 | |a GBB3A7577 |2 bnb | ||
| 016 | 7 | |a 016551635 |2 Uk | |
| 016 | 7 | |a 2095241-7 |2 DE-600 | |
| 022 | |a 2163-3150 |y 0304-3754 | ||
| 035 | |a (WaSeSS)ssj0001089 | ||
| 037 | |b Lynne Rienner Publishers, 1800 30th St., Suite 314, Boulder Co, 80301 | ||
| 040 | |a OCLCS |b eng |c OCLCS |d TXA |d EYM |d DLC |d OCLCQ |d OCLCA |d OCLCF |d SERSO |d OCLCO |d SERSO |d OCL |d OCLCO |d OCLCQ |d NLE |d DLC |d KSU |d DLC |d NTG |d UKMGB |d SFB |d CNMTR |d WaSeSS | ||
| 042 | |a pcc |a nsdp | ||
| 043 | |a d------ | ||
| 050 | 1 | 4 | |a HC59.7 |b .A776 |
| 082 | 1 | 0 | |a 330.9 |2 14 |
| 130 | 0 | |a Alternatives (Boulder, Colo.) | |
| 222 | 0 | |a Alternatives |b (Online) | |
| 245 | 1 | 0 | |a Alternatives |h [electronic resource] : |b social transformation and humane governance. |
| 246 | 1 | |i Issues from 2001- have title: |a Alternatives : |b global, local, political | |
| 260 | |a Amsterdam : |b North-Holland Publishing Co. | ||
| 260 | 2 | |a Boulder, Colo. : |b Lynne Rienner Publishers | |
| 260 | 3 | |3 <2018->: |a Thousand Oaks, CA : |b SAGE Publications | |
| 310 | |a Quarterly, |b 2005- | ||
| 321 | |a Quarterly, |b <1990>-2002 | ||
| 321 | |a Five times yearly, |b 2003-2004 | ||
| 362 | 1 | |a Began with v. 1, no. 1 (Mar. 1975). | |
| 500 | |a Imprint varies. | ||
| 506 | |a License restrictions may limit access. | ||
| 525 | |a Supplements accompany some vols. | ||
| 550 | |a Published for the Center for the Study of Developing Societies (India), the ICU Peace Research Institute (Japan), and the World Orders Model Project, <winter 1990->, and the Center for Global Change and Governance, Rutgers University-Newark (U.S.), <2005-> | ||
| 588 | |a Description based on: Vol. XV, no. 1 (winter 1990); title from PDF cover (JSTOR, viewed June 24, 2011). | ||
| 588 | |a Latest issue consulted: Vol. 38, issue 2 (May 2013); (JSTOR, viewed May 19, 2014). | ||
| 650 | 0 | |a Newly independent states |x Politics and government |v Periodicals. | |
| 650 | 6 | |a Nouveaux États indépendants |x Politique et gouvernement |v Périodiques. | |
| 650 | 7 | |a Newly independent states |x Politics and government. |2 fast |0 (OCoLC)fst01037006 | |
| 650 | 7 | |a Politics and government |2 fast |0 (OCoLC)fst01919741 | |
| 651 | 0 | |a Developing countries |x Politics and government |v Periodicals. | |
| 651 | 6 | |a Pays en voie de développement |x Politique et gouvernement |v Périodiques. | |
| 651 | 7 | |a Developing countries. |2 fast |0 (OCoLC)fst01242969 | |
| 655 | 0 | |a Electronic journals. | |
| 710 | 2 | |a Centre for the Study of Developing Societies. | |
| 710 | 2 | |a Kokusai Kirisutokyō Daigaku. |b Heiwa Kenkyūjo. | |
| 710 | 2 | |a World Order Models Project. | |
| 710 | 2 | |a Rutgers University. |b Center for Global Change and Governance. | |
| 776 | 0 | 8 | |i Print version: |t Alternatives |x 0304-3754 |w (DLC) 76913317 |w (OCoLC)2579435 |
| 856 | 4 | 0 | |z Full text available from Research Library: 01/01/2008 to 10/31/2010 |u https://search.proquest.com/publication/48565 |